| 000 | 01160cam a2200325 a 4500 | ||
|---|---|---|---|
| 001 | 15584273 | ||
| 003 | EG-ScBUE | ||
| 005 | 20221027115419.0 | ||
| 008 | 090112t2008 enka f c 001 0 eng d | ||
| 020 | _a9783791339733 (pbk.) | ||
| 035 | _a(OCoLC)ocn286493810 | ||
| 040 |
_aUKM _beng _erda _cPUL _dVP@ _dDLC _dEG-ScBUE |
||
| 082 | 0 | 4 |
_a720.922 _bCAT _222 |
| 245 | 0 | 0 |
_aCatalogue, Foster + Partners / _c[editing, David Jenkins] |
| 264 | 1 |
_aLondon : _bPrestel, _c[2008] |
|
| 264 | 4 | _cc2008 | |
| 300 |
_a376 pages : _billustrations (some color) ; _c30 cm. |
||
| 336 |
_2rdacontent _atext _btxt |
||
| 337 |
_2rdamedia _aunmediated _bn |
||
| 338 |
_2rdacarrier _avolume _bnc |
||
| 500 | _aIncludes index. | ||
| 610 | 2 | 7 |
_aSir Norman Foster and Partners _vCatalogs. _2BUEsh _95918 |
| 650 | 7 |
_aArchitecture, Modern _y20th century _vCatalogs. _2BUEsh _95919 |
|
| 650 | 7 |
_aArchitecture, Modern _y21st century _vCatalogs. _2BUEsh _95920 |
|
| 653 | _bENGARC | ||
| 655 | _vReading book | ||
| 700 | 1 |
_aJenkins, David, _d1957 September 25- _eeditor. _95921 |
|
| 942 |
_2ddc _cBB |
||
| 999 |
_c11771 _d11771 |
||